00431 2200157 4500001002100000008004100021035002000062245004900082100001900131260003700150300002000187082001800207650002200225990001300247990001300260INLIS000000000000333 ind  a0010-0322000333 aTHE CRAB AND THE FOX AND OTHER STORIEScIKHA aDIDIK DJUNAEDI aJAKARTAbGADING INTI PRIMAc2015 a68 hlm.c25 cm. a398.249 595 7 aFABEL - SINGAPURA a102519-1 a102519-2